00982nam a2200229 i 450000100060000000300090000600500170001500700030003200800410003524501100007626000520018630000200023850501440025870000250040270000300042774000490045774000360050674000410054285200260058399900170060995201260062621984ES-MaACL20230906152602.0t|021129s1916 sp ||||1| spa d00aAlemania y la guerra europea / cpor Otto Hintze... [et al.] ; traducción directa por Faustino Balvé. aBarcelona : b[s.n., c1916] (fLa Académica) a3 v. ; c19 cm.8 aV. I: Alemania, su política y sus instituciones. -- V. II: Aliados y enemigos de Alemania. -- V. III: Génesis y espíritu de la guerra1 aHintze, Otto.9637911 aBalvé, Faustino.9251360 aAlemania, su política y sus instituciones.0 aAliados y enemigos de Alemania.0 aGénesis y espíritu de la guerra. aES-MaACLjF-7217-7219 c21984d21984 00104070aATENEOMbATENEOMcDEPO2d2008-01-17eSCl0oF-7217-7219p1022596r2023-02-23 00:00:00w2023-02-23yMONOGRAFIA